[Event "Montreal op Rapid"]
[Site "Chess.com"]
[Date "2021.06.12"]
[Round "4"]
[White "Yao, Henry"]
[Black "Sonis, Francesco"]
[Result "0-1"]
[WhiteElo "1762"]
[BlackElo "2445"]
[PlyCount "110"]
[EventDate "2021.06.12"]
[EventType "swiss (rapid)"]
[EventRounds "7"]
[EventCountry "CAN"]

1. e4 e5 2. Nf3 Nc6 3. Bc4 Bc5 4. c3 Nf6 5. d4 exd4 6. cxd4 Bb4+ 7. Bd2 Nxe4 8.
Bxb4 Nxb4 9. Bxf7+ Kxf7 10. Qb3+ d5 11. Qxb4 Rf8 12. O-O Kg8 13. Nc3 Rxf3 14.
Nxe4 a5 15. Qd2 Rf8 16. Ng3 Ra6 17. Rae1 h5 18. Re5 h4 19. Ne2 h3 20. g3 Raf6
21. Qg5 c6 22. Nf4 Rf5 23. Qxd8 Rxd8 24. Rfe1 Rxe5 25. Rxe5 Kf7 26. Kf1 Kf6 27.
Nh5+ Kf7 28. Nf4 Bg4 29. Re3 g5 30. Nd3 Kf6 31. Ne5 Bc8 32. Ke1 Rd6 33. Kd2 b6
34. Rf3+ Ke7 35. Rf7+ Kd8 36. Rg7 Rf6 37. Ke3 c5 38. Nf7+ Ke8 39. Nxg5 cxd4+
40. Kxd4 Rxf2 41. Rg8+ Kd7 42. Rg7+ Kc6 43. Rg6+ Kb7 44. Kc3 Rxh2 45. Rg7+ Kb8
46. Rh7 Rg2 47. g4 Rg3+ 48. Kc2 Bxg4 49. Rh8+ Kb7 50. Rh7+ Ka6 51. Rh4 d4 52.
b3 Bf5+ 53. Kb2 d3 54. Ne4 Bxe4 55. Rxe4 d2 0-1

[Event "Montreal op Rapid"]
[Site "Chess.com"]
[Date "2021.06.12"]
[Round "5"]
[White "Coste, Sebastien"]
[Black "Batorshyn, Ilia"]
[Result "0-1"]
[WhiteElo "1058"]
[BlackElo "1667"]
[PlyCount "54"]
[EventDate "2021.06.12"]
[EventType "swiss (rapid)"]
[EventRounds "7"]
[EventCountry "CAN"]

1. c4 c6 2. Nc3 d5 3. cxd5 cxd5 4. d4 Nf6 5. g3 Nc6 6. Bg2 Bf5 7. Nf3 e6 8. O-O
h6 9. Bf4 Bd6 10. Bxd6 Qxd6 11. Nb5 Qe7 12. Re1 a6 13. Nc3 O-O 14. Nh4 Bh7 15.
a3 Rac8 16. Rc1 Na5 17. e4 dxe4 18. Nxe4 Nxe4 19. Bxe4 Bxe4 20. Rxe4 Qd6 21.
Nf3 Nc4 22. Qb3 b5 23. a4 Nd2 24. Rxc8 Nxb3 25. Rxf8+ Kxf8 26. axb5 axb5 27.
Kf1 Qd5 0-1

[Event "Montreal op Rapid"]
[Site "Chess.com"]
[Date "2021.06.12"]
[Round "5"]
[White "Di Matteo, Alessio"]
[Black "Heran-Boily, Samuel"]
[Result "1-0"]
[WhiteElo "1399"]
[BlackElo "1760"]
[PlyCount "151"]
[EventDate "2021.06.12"]
[EventType "swiss (rapid)"]
[EventRounds "7"]
[EventCountry "CAN"]

1. d4 d5 2. c4 e6 3. Nf3 Nf6 4. Nc3 Be7 5. Bg5 Nbd7 6. e3 O-O 7. Be2 h6 8. Bh4
b6 9. O-O Bb7 10. Rc1 Rc8 11. a3 c5 12. cxd5 Nxd5 13. Bxe7 Qxe7 14. Re1 Rfd8
15. Qa4 Nxc3 16. bxc3 a6 17. Qb3 b5 18. a4 c4 19. Qa2 Ra8 20. Nd2 Nb6 21. axb5
axb5 22. Qb2 Bc6 23. e4 Qd7 24. Ra1 Qb7 25. Bf1 Rxa1 26. Qxa1 Ra8 27. Qb2 Na4
28. Qb4 Nb6 29. g3 Ra2 30. Rd1 Bxe4 31. Qxb5 Bf3 32. Qb1 Ra6 33. Nxf3 Qxf3 34.
Rc1 Qd5 35. Qb4 Qg5 36. Rb1 Nd5 37. Qb8+ Kh7 38. Bxc4 Nxc3 39. Bd3+ g6 40. Rf1
Kg7 41. Bxa6 Nd5 42. Qe5+ f6 43. Qxg5 hxg5 44. Bb7 Nc3 45. Kg2 Ne2 46. Rd1 f5
47. Kf3 Nc3 48. Rd3 Nb5 49. d5 exd5 50. Rxd5 Nc3 51. Rd7+ Kf6 52. Rc7 Na4 53.
Ke3 g4 54. Kd4 Kg5 55. Bc6 Nb2 56. Rb7 Nd1 57. Rb6 Nxf2 58. Be8 f4 59. Rxg6+
Kf5 60. gxf4 Kxf4 61. Bd7 Kf3 62. Bc6+ Ke2 63. Rf6 Kf1 64. Ke3 Kg1 65. Rxf2 g3
66. Rg2+ Kh1 67. Rxg3+ Kxh2 68. Rg8 Kh3 69. Kf3 Kh4 70. Kf4 Kh5 71. Kf5 Kh6 72.
Kf6 Kh7 73. Rg6 Kh8 74. Bd5 Kh7 75. Kf7 Kh8 76. Rh6# 1-0

[Event "Montreal op Rapid"]
[Site "Chess.com"]
[Date "2021.06.12"]
[Round "5"]
[White "Harsha, Bharathakoti"]
[Black "Fang, Zhou"]
[Result "1-0"]
[WhiteElo "2484"]
[BlackElo "1716"]
[PlyCount "131"]
[EventDate "2021.06.12"]
[EventType "swiss (rapid)"]
[EventRounds "7"]
[EventCountry "CAN"]

1. Nf3 Nc6 2. d4 d5 3. Bf4 Bf5 4. e3 e6 5. a3 a6 6. c4 Nf6 7. Nc3 dxc4 8. Bxc4
Bd6 9. Bg5 Be7 10. O-O Nd5 11. Bxe7 Ncxe7 12. Qb3 Nxc3 13. bxc3 Be4 14. Nd2 Bc6
15. a4 O-O 16. Bd3 Qd5 17. Qxd5 Nxd5 18. Rfc1 b6 19. a5 b5 20. Nb3 Nf6 21. c4
bxc4 22. Bxc4 Ra7 23. Bxe6 Bb5 24. Bc4 c6 25. Nc5 Nd7 26. Nxd7 Rxd7 27. Bxb5
cxb5 28. Rc6 Ra8 29. Kf1 Rb7 30. Ke2 Kf8 31. Kd3 b4 32. Kc2 b3+ 33. Kb2 Rb5 34.
Ra3 Ra7 35. Rb6 Ke7 36. Rxb5 axb5 37. Kxb3 Kd6 38. Kb4 Kc6 39. Rc3+ Kb7 40.
Kxb5 Ra8 41. e4 Re8 42. f3 f6 43. d5 Rd8 44. a6+ Ka7 45. Rc7+ Kb8 46. Rxg7 h6
47. Rf7 f5 48. Rxf5 h5 49. Rxh5 Ka8 50. Rh6 Rb8+ 51. Kc5 Rc8+ 52. Rc6 Rd8 53.
e5 Ka7 54. e6 Re8 55. f4 Rb8 56. e7 Re8 57. Kd6 Rb8 58. Kd7 Rh8 59. Rc7+ Kb8
60. e8=Q+ Rxe8 61. Kxe8 Kxc7 62. a7 Kb7 63. d6 Ka8 64. d7 Kb7 65. a8=Q+ Kc7 66.
d8=Q# 1-0

[Event "Montreal op Rapid"]
[Site "Chess.com"]
[Date "2021.06.12"]
[Round "5"]
[White "Holmgren, Emilien"]
[Black "Araujo Sanchez, Josue"]
[Result "0-1"]
[WhiteElo "1267"]
[BlackElo "2066"]
[PlyCount "42"]
[EventDate "2021.06.12"]
[EventType "swiss (rapid)"]
[EventRounds "7"]
[EventCountry "CAN"]

1. e4 c5 2. Nf3 Nc6 3. Bb5 g6 4. Bxc6 dxc6 5. O-O Bg7 6. c3 e5 7. d3 Ne7 8. Bg5
f6 9. Bh4 b6 10. Qe2 g5 11. Bg3 Ng6 12. Nbd2 h5 13. h3 h4 14. Bh2 g4 15. hxg4
Bxg4 16. Qe3 Bh6 17. Qe1 Qxd3 18. Rd1 O-O-O 19. Kh1 h3 20. Rg1 hxg2+ 21. Kxg2
Bxd2 0-1

[Event "Montreal op Rapid"]
[Site "Chess.com"]
[Date "2021.06.12"]
[Round "5"]
[White "Rousskikh, Maxim"]
[Black "Suresh, Pavan"]
[Result "0-1"]
[WhiteElo "977"]
[BlackElo "1351"]
[PlyCount "62"]
[EventDate "2021.06.12"]
[EventType "swiss (rapid)"]
[EventRounds "7"]
[EventCountry "CAN"]

1. e4 c5 2. Nf3 Nc6 3. c3 e6 4. d4 d5 5. exd5 Qxd5 6. Na3 cxd4 7. Nxd4 Bxa3 8.
bxa3 Nf6 9. Be3 O-O 10. Nxc6 Qxc6 11. Qc2 Bd7 12. Be2 Qxg2 13. O-O-O Qc6 14.
Kb1 Nd5 15. Bd4 f6 16. Bf3 e5 17. Bxd5+ Qxd5 18. Be3 Qf7 19. Ka1 Bc6 20. Rhg1
Bf3 21. Rde1 Bh5 22. Rg3 Bg6 23. Qb2 b6 24. Reg1 Rac8 25. h4 f5 26. h5 f4 27.
hxg6 hxg6 28. Rxg6 fxe3 29. Rxg7+ Qxg7 30. Rxg7+ Kxg7 31. fxe3 Rf1+ 0-1

[Event "Montreal op Rapid"]
[Site "Chess.com"]
[Date "2021.06.12"]
[Round "5"]
[White "Sandhu, Manraj Singh"]
[Black "Jain, Ankita"]
[Result "0-1"]
[WhiteElo "419"]
[BlackElo "1281"]
[PlyCount "54"]
[EventDate "2021.06.12"]
[EventType "swiss (rapid)"]
[EventRounds "7"]
[EventCountry "CAN"]

1. e4 c6 2. d4 d5 3. e5 e6 4. Nf3 c5 5. c3 Nc6 6. Na3 a6 7. Bd3 cxd4 8. cxd4
Bxa3 9. bxa3 Qb6 10. Be2 Qa5+ 11. Bd2 Qxa3 12. O-O Qe7 13. Bg5 Qd7 14. Rb1 Nge7
15. Bd3 h6 16. Be3 Ng6 17. Qc2 Nge7 18. Nh4 g5 19. Nf3 Nf5 20. Bxf5 exf5 21.
Nd2 f4 22. Bxf4 gxf4 23. Nb3 Qg4 24. Qd3 Bf5 25. Qc3 Bxb1 26. Rxb1 Rg8 27. Qf3
Qxf3 0-1

[Event "Montreal op Rapid"]
[Site "Chess.com"]
[Date "2021.06.12"]
[Round "5"]
[White "Sonis, Francesco"]
[Black "Adam, Rafael"]
[Result "1-0"]
[WhiteElo "2445"]
[BlackElo "1835"]
[PlyCount "67"]
[EventDate "2021.06.12"]
[EventType "swiss (rapid)"]
[EventRounds "7"]
[EventCountry "CAN"]

1. d4 Nf6 2. c4 e6 3. Nc3 Bb4 4. g3 O-O 5. Bg2 d5 6. Nf3 c5 7. cxd5 Nxd5 8. Bd2
cxd4 9. Nxd4 Nxc3 10. bxc3 Bc5 11. Be3 e5 12. Nc6 Qxd1+ 13. Rxd1 Nxc6 14. Bxc5
Rd8 15. Rb1 f5 16. O-O e4 17. f3 b6 18. Be3 Re8 19. fxe4 fxe4 20. Rf4 Bb7 21.
Rxe4 Rxe4 22. Bxe4 Re8 23. Bd5+ Kh8 24. Rf1 Ba8 25. c4 Ne5 26. Bd4 Bxd5 27.
cxd5 Ng6 28. Rc1 Rd8 29. e4 Nf8 30. Rc7 h5 31. Rxg7 Ne6 32. Rd7+ Nxd4 33. Rxd8+
Kg7 34. Kf2 1-0

[Event "Montreal op Rapid"]
[Site "Chess.com"]
[Date "2021.06.12"]
[Round "5"]
[White "Sze, Jaylen"]
[Black "Yao, Henry"]
[Result "1/2-1/2"]
[WhiteElo "1442"]
[BlackElo "1762"]
[PlyCount "45"]
[EventDate "2021.06.12"]
[EventType "swiss (rapid)"]
[EventRounds "7"]
[EventCountry "CAN"]

1. e4 e6 2. d4 d5 3. Nd2 Nf6 4. e5 Nfd7 5. Bd3 c5 6. c3 Nc6 7. Ne2 Qb6 8. Nf3
Be7 9. O-O O-O 10. Nf4 Nd8 11. Qd2 f6 12. Nh5 fxe5 13. Nxe5 Nxe5 14. dxe5 c4
15. Bxh7+ Kxh7 16. Nxg7 Kxg7 17. Qh6+ Kf7 18. Qh5+ Kg8 19. Qg6+ Kh8 20. Qh5+
Kg8 21. Qg6+ Kh8 22. Qh6+ Kg8 23. Qg6+ 1/2-1/2

[Event "Montreal op Rapid"]
[Site "Chess.com"]
[Date "2021.06.12"]
[Round "5"]
[White "Tanaka, Tyler"]
[Black "Deshpande, Sarthak"]
[Result "1-0"]
[WhiteElo "2112"]
[BlackElo "1298"]
[PlyCount "67"]
[EventDate "2021.06.12"]
[EventType "swiss (rapid)"]
[EventRounds "7"]
[EventCountry "CAN"]

1. Nf3 d5 2. g3 c5 3. Bg2 Nc6 4. d4 cxd4 5. Nxd4 e5 6. Nxc6 bxc6 7. c4 Nf6 8.
O-O Be7 9. Nc3 Be6 10. Qa4 O-O 11. Rd1 Bd7 12. Bg5 Qb6 13. Bxf6 Bxf6 14. cxd5
Qxb2 15. Rac1 Rac8 16. dxc6 Be6 17. e3 e4 18. Nxe4 Bxa2 19. Nxf6+ gxf6 20. Rc2
Bb3 21. Qg4+ Kh8 22. Rxb2 Bxd1 23. Qxd1 Rfd8 24. Rd2 Rf8 25. h4 Kg7 26. Be4
Rfe8 27. Qg4+ Kh8 28. Qf5 Rxe4 29. Qxe4 Kg7 30. Qg4+ Kh6 31. Qxc8 f5 32. Qxf5
Kg7 33. Qg5+ Kh8 34. Rd8# 1-0

[Event "Montreal op Rapid"]
[Site "Chess.com"]
[Date "2021.06.12"]
[Round "5"]
[White "Turcotte, Jonathan"]
[Black "Laplante, Ethan"]
[Result "1-0"]
[WhiteElo "1930"]
[BlackElo "1397"]
[PlyCount "61"]
[EventDate "2021.06.12"]
[EventType "swiss (rapid)"]
[EventRounds "7"]
[EventCountry "CAN"]

1. d4 Nf6 2. c4 e6 3. Nf3 Bb4+ 4. Bd2 Bxd2+ 5. Qxd2 d5 6. e3 O-O 7. Nc3 b6 8.
cxd5 exd5 9. Bd3 Re8 10. O-O Ne4 11. Qc2 Bb7 12. Rfd1 h6 13. Rac1 Na6 14. a3
Rc8 15. Qa4 Nb8 16. Qxa7 Bc6 17. Ne5 Rxe5 18. dxe5 Nd7 19. Nb5 Bxb5 20. Bxb5
Ndc5 21. Bc6 Qg5 22. Bxd5 Qxe5 23. b4 Nc3 24. Rxc3 Qxc3 25. bxc5 Rd8 26. g3 c6
27. Bxf7+ Kh7 28. Rxd8 Qc2 29. Rh8+ Kxh8 30. Qb8+ Kh7 31. Qg8# 1-0

[Event "Montreal op Rapid"]
[Site "Chess.com"]
[Date "2021.06.12"]
[Round "6"]
[White "Adam, Rafael"]
[Black "Turcotte, Jonathan"]
[Result "0-1"]
[WhiteElo "1835"]
[BlackElo "1930"]
[PlyCount "134"]
[EventDate "2021.06.12"]
[EventType "swiss (rapid)"]
[EventRounds "7"]
[EventCountry "CAN"]

1. d4 d5 2. c4 c6 3. Nf3 Nf6 4. g3 Bf5 5. Nc3 e6 6. Bg2 Nbd7 7. O-O Be7 8. Nh4
Bg4 9. cxd5 exd5 10. h3 Be6 11. Qd3 O-O 12. a3 Re8 13. Bg5 h6 14. Bxf6 Nxf6 15.
e3 Qd7 16. Kh2 a5 17. Na4 Qc7 18. Nf3 Ne4 19. Ne5 Bf5 20. Qe2 Bd6 21. f4 f6 22.
Nd3 Re7 23. Nf2 Rae8 24. Bxe4 Bxe4 25. Rfe1 Bh7 26. Qf3 Bc2 27. Nc3 Qb6 28. Ra2
Qb3 29. Qe2 b5 30. Raa1 Bf5 31. Ncd1 g5 32. Ng4 Kg7 33. Kg2 Qc2 34. Qxc2 Bxc2
35. Ngf2 Bb3 36. Rc1 Bc4 37. b3 Bxb3 38. Rxc6 Bxa3 39. fxg5 hxg5 40. Ng4 Re6
41. Rc7+ R8e7 42. Rc8 Bb4 43. Rf1 Bc4 44. Rf2 Be1 45. Rb2 a4 46. Ndf2 a3 47.
Rb1 Bc3 48. Nd1 Bd2 49. Kf3 a2 50. Ra1 b4 51. h4 gxh4 52. gxh4 b3 53. h5 Rb6
54. h6+ Kh7 55. Rf8 b2 56. Nxb2 Rxb2 57. Nxf6+ Kxh6 58. Ng4+ Kg7 59. Rf5 Rb1
60. Rg5+ Kf7 61. Rf5+ Ke6 62. Rf6+ Kd7 63. Ne5+ Rxe5 64. Rxa2 Rxe3+ 65. Kf2
Bxa2 66. Rg6 Bc4 67. Rg2 Rf1# 0-1

[Event "Montreal op Rapid"]
[Site "Chess.com"]
[Date "2021.06.12"]
[Round "6"]
[White "Araujo Sanchez, Josue"]
[Black "Sze, Jaylen"]
[Result "1-0"]
[WhiteElo "2066"]
[BlackElo "1442"]
[PlyCount "111"]
[EventDate "2021.06.12"]
[EventType "swiss (rapid)"]
[EventRounds "7"]
[EventCountry "CAN"]

1. c4 e6 2. d4 d5 3. Nc3 c5 4. cxd5 exd5 5. Nf3 Nc6 6. g3 Nf6 7. Bg2 Be7 8. O-O
O-O 9. dxc5 d4 10. Na4 Bf5 11. a3 b6 12. cxb6 axb6 13. Bd2 b5 14. Rc1 bxa4 15.
Rxc6 d3 16. exd3 Bxd3 17. Re1 Be4 18. Rc4 Qd7 19. Ne5 Qb7 20. Rcxe4 Nxe4 21.
Bxe4 Qxb2 22. Bc1 Qb5 23. Bxa8 Rxa8 24. Qd7 Qa5 25. Bd2 Qd8 26. Qxd8+ Rxd8 27.
Nc6 Rxd2 28. Rxe7 g6 29. Ra7 Rc2 30. Nb4 Rc1+ 31. Kg2 Rc4 32. Rxa4 h5 33. h4
Kg7 34. Ra7 Rc3 35. a4 Rb3 36. Nc6 Kf6 37. a5 g5 38. hxg5+ Kxg5 39. a6 h4 40.
gxh4+ Kxh4 41. Rxf7 Rb5 42. Rh7+ Kg5 43. a7 Kg6 44. Rc7 Rg5+ 45. Kf1 Rf5 46.
a8=Q Rf6 47. Qg8+ Kf5 48. Rf7 Ke4 49. Rxf6 Kd3 50. Rf3+ Ke4 51. Qg4+ Kd5 52.
Rf5+ Kd6 53. Qg6+ Kc7 54. Nd4 Kd8 55. Qg7 Ke8 56. Rf8# 1-0

[Event "Montreal op Rapid"]
[Site "Chess.com"]
[Date "2021.06.12"]
[Round "6"]
[White "Deshpande, Sarthak"]
[Black "Nemani Dhruv, Sai Venkat"]
[Result "1-0"]
[WhiteElo "1298"]
[BlackElo "1247"]
[PlyCount "177"]
[EventDate "2021.06.12"]
[EventType "swiss (rapid)"]
[EventRounds "7"]
[EventCountry "CAN"]

1. e4 e6 2. d4 d5 3. Nc3 Nf6 4. Bg5 h6 5. Bxf6 gxf6 6. Nf3 Bb4 7. Bd3 Nc6 8.
O-O Rg8 9. exd5 Bxc3 10. bxc3 exd5 11. Re1+ Ne7 12. Qd2 Bg4 13. Qf4 Qd6 14.
Qxd6 cxd6 15. Nd2 Kd7 16. Bb5+ Nc6 17. Bxc6+ bxc6 18. g3 Rge8 19. Rab1 Kc7 20.
Nb3 Bf5 21. Na5 Rxe1+ 22. Rxe1 Kd7 23. Rb1 Rc8 24. Rc1 c5 25. Nb3 c4 26. Nd2
Rb8 27. Rb1 Rxb1+ 28. Nxb1 Bxc2 29. Na3 Be4 30. f4 a6 31. Kf2 Kc7 32. Ke3 Kb6
33. Kd2 Ka5 34. Nc2 Kb6 35. Ne3 f5 36. h3 h5 37. g4 fxg4 38. hxg4 hxg4 39. Nxg4
Kc6 40. Nf6 a5 41. Ke3 Bf5 42. Ng8 Kd7 43. Nf6+ Ke6 44. Ne8 Be4 45. Nc7+ Kd7
46. Nb5 f5 47. Kd2 Kc6 48. a4 Bf3 49. Na7+ Kd7 50. Nb5 Bh5 51. Na3 Be8 52. Nb5
Ke7 53. Kc2 Bxb5 54. axb5 Kd7 55. Kb2 Kc7 56. Ka3 Kb7 57. b6 Kxb6 58. Ka4 Ka6
59. Ka3 Kb5 60. Kb2 Kc6 61. Ka3 Kd7 62. Ka4 Ke6 63. Kxa5 Kf6 64. Kb6 Kg6 65.
Kc6 Kh5 66. Kxd6 Kg4 67. Ke5 Kf3 68. Kxf5 Ke3 69. Ke5 Kd3 70. f5 Kxc3 71. f6
Kd3 72. f7 c3 73. f8=Q c2 74. Qf5+ Kd2 75. Qxc2+ Kxc2 76. Kxd5 Kc3 77. Kc5 Kd3
78. d5 Ke4 79. d6 Ke5 80. d7 Ke6 81. d8=Q Kf7 82. Qd6 Kg7 83. Kd5 Kf7 84. Ke5
Kg7 85. Kf5 Kh7 86. Qf6 Kg8 87. Qe7 Kh8 88. Kg6 Kg8 89. Qd8# 1-0

[Event "Montreal op Rapid"]
[Site "Chess.com"]
[Date "2021.06.12"]
[Round "6"]
[White "Harsha, Bharathakoti"]
[Black "Sonis, Francesco"]
[Result "1-0"]
[WhiteElo "2484"]
[BlackElo "2445"]
[PlyCount "111"]
[EventDate "2021.06.12"]
[EventType "swiss (rapid)"]
[EventRounds "7"]
[EventCountry "CAN"]

1. f4 Nh6 2. Nf3 d5 3. g3 g6 4. Bg2 Bg7 5. O-O O-O 6. d3 c6 7. c3 Qb6+ 8. Kh1
Ng4 9. Qe1 Ne3 10. Bxe3 Qxe3 11. Na3 Qb6 12. Rb1 Nd7 13. Nc2 e5 14. f5 e4 15.
dxe4 dxe4 16. Ng5 e3 17. fxg6 hxg6 18. g4 f6 19. Ne6 Re8 20. Nxg7 Kxg7 21. Qg3
Qc5 22. Rbd1 Qe5 23. Rf4 g5 24. Rfd4 Nb6 25. Qxe5 Rxe5 26. h3 Be6 27. b3 Bd5
28. c4 Bxg2+ 29. Kxg2 Rae8 30. Rd6 c5 31. Ne1 Re4 32. Nd3 R8e7 33. Nxc5 R4e5
34. Nd3 Ra5 35. a4 Nd7 36. Nf4 Nf8 37. Nh5+ Kf7 38. Rxf6+ Ke8 39. Rdf1 Nd7 40.
Rg6 Rf7 41. Ng7+ Kf8 42. Ne6+ Ke7 43. Rxf7+ Kxf7 44. Rxg5 Rxg5 45. Nxg5+ Kf6
46. Ne4+ Ke5 47. Kf3 Kd4 48. Ng3 Ne5+ 49. Kf4 Ng6+ 50. Kg5 Ne5 51. h4 Kc3 52.
h5 Kxb3 53. h6 Kxa4 54. h7 Kb4 55. Kf6 Nxg4+ 56. Ke6 1-0

[Event "Montreal op Rapid"]
[Site "Chess.com"]
[Date "2021.06.12"]
[Round "6"]
[White "Heran-Boily, Samuel"]
[Black "Jain, Ankita"]
[Result "1-0"]
[WhiteElo "1760"]
[BlackElo "1281"]
[PlyCount "57"]
[EventDate "2021.06.12"]
[EventType "swiss (rapid)"]
[EventRounds "7"]
[EventCountry "CAN"]

1. e4 c6 2. d4 d5 3. Nc3 e6 4. Nf3 Bb4 5. Bd3 c5 6. exd5 Bxc3+ 7. bxc3 Qxd5 8.
O-O Nf6 9. Re1 c4 10. Re5 Qc6 11. Rc5 Qd7 12. Bxc4 Nc6 13. Bb5 Nd5 14. Ne5 Qd6
15. Nxc6 a6 16. Ba4 b5 17. Bb3 Nb6 18. Qf3 Bb7 19. Bf4 Qd7 20. d5 O-O 21. dxe6
fxe6 22. Re1 Rae8 23. Qe4 Rf6 24. Bg5 Rg6 25. h4 h5 26. Qxg6 Bxc6 27. Bxe6+
Rxe6 28. Qxe6+ Qxe6 29. Rxe6 1-0

[Event "Montreal op Rapid"]
[Site "Chess.com"]
[Date "2021.06.12"]
[Round "6"]
[White "Holmgren, Emilien"]
[Black "Sandhu, Manraj Singh"]
[Result "1/2-1/2"]
[WhiteElo "1267"]
[BlackElo "419"]
[PlyCount "134"]
[EventDate "2021.06.12"]
[EventType "swiss (rapid)"]
[EventRounds "7"]
[EventCountry "CAN"]

1. e4 c5 2. Nf3 d6 3. Bb5+ Bd7 4. Bxd7+ Qxd7 5. O-O g6 6. c3 Bg7 7. d4 cxd4 8.
cxd4 Nf6 9. e5 dxe5 10. Nxe5 Qe6 11. Re1 Qd5 12. Nc3 Qd8 13. Qb3 O-O 14. Qxb7
Nbd7 15. Nc6 Qb6 16. Nxe7+ Kh8 17. Qxb6 Nxb6 18. Nc6 Nfd5 19. Nxd5 Nxd5 20. Ne5
Nb4 21. Re2 Rfe8 22. Bd2 Nc2 23. Rc1 Nxd4 24. Nxf7+ Kg8 25. Rxe8+ Rxe8 26. Rc7
Re2 27. Bc3 Nb5 28. Kf1 Re4 29. Bxg7 Nxc7 30. Nd6 Ra4 31. Be5 Rxa2 32. Ne4 Ne6
33. Nf6+ Kf7 34. Nxh7 Nc5 35. Bd4 Nd3 36. Ng5+ Kg8 37. Ne4 Nxb2 38. Nf6+ Kf7
39. Nd5 a5 40. g3 a4 41. Nb4 Ra3 42. Nc2 Rb3 43. Na1 Rb8 44. Be5 Ra8 45. Bxb2
a3 46. Bc3 a2 47. Ke1 Ke6 48. Kd2 Kd5 49. Kc2 Kc4 50. h4 Kd5 51. f3 Ke6 52. g4
Kd5 53. f4 Ke4 54. Be5 Kf3 55. h5 Kxg4 56. hxg6 Kh5 57. g7 Kh6 58. f5 Kh7 59.
f6 Kg8 60. Bb2 Kf7 61. Bc3 Ra3 62. Kb2 Ra8 63. Nb3 Kg8 64. Ka1 Ra3 65. Kb2 Ra8
66. Ba5 Kf7 67. Bc3 Kg8 1/2-1/2

[Event "Montreal op Rapid"]
[Site "Chess.com"]
[Date "2021.06.12"]
[Round "6"]
[White "Laplante, Ethan"]
[Black "Garg, Shlok"]
[Result "1-0"]
[WhiteElo "1397"]
[BlackElo "1222"]
[PlyCount "67"]
[EventDate "2021.06.12"]
[EventType "swiss (rapid)"]
[EventRounds "7"]
[EventCountry "CAN"]

1. e4 e6 2. d4 d5 3. Nc3 Nf6 4. e5 Nfd7 5. f4 c5 6. Nf3 Nc6 7. Be3 Qb6 8. Na4
Qa5+ 9. c3 cxd4 10. b4 Qc7 11. Nxd4 Nxd4 12. Bxd4 a6 13. Rc1 Be7 14. Bd3 b5 15.
Nb2 O-O 16. Qh5 g6 17. Qg4 f5 18. Qg3 Bxb4 19. h4 Bc5 20. Ke2 Bxd4 21. cxd4 Qd8
22. h5 Qe7 23. hxg6 hxg6 24. Rh6 Rf7 25. Rch1 Nf8 26. Rh8+ Kg7 27. Qh3 Rf6 28.
exf6+ Qxf6 29. Qh6+ Kf7 30. Rxf8+ Ke7 31. Rxf6 Kxf6 32. Qg5+ Kg7 33. Qe7+ Kg8
34. Rh7 1-0

[Event "Montreal op Rapid"]
[Site "Chess.com"]
[Date "2021.06.12"]
[Round "6"]
[White "Tanaka, Tyler"]
[Black "Di Matteo, Alessio"]
[Result "1-0"]
[WhiteElo "2112"]
[BlackElo "1399"]
[PlyCount "39"]
[EventDate "2021.06.12"]
[EventType "swiss (rapid)"]
[EventRounds "7"]
[EventCountry "CAN"]

1. Nf3 Nf6 2. g3 g6 3. c4 c5 4. Nc3 Nc6 5. Bg2 Bg7 6. O-O O-O 7. d4 cxd4 8.
Nxd4 a6 9. c5 Ng4 10. Nb3 d6 11. cxd6 exd6 12. Bf4 Be5 13. Qd2 Qf6 14. Nd5 Qd8
15. h3 Nf6 16. Bg5 Be6 17. f4 Bxd5 18. fxe5 dxe5 19. Bxf6 Qb6+ 20. Kh2 1-0

[Event "Montreal op Rapid"]
[Site "Chess.com"]
[Date "2021.06.12"]
[Round "7"]
[White "Coste, Sebastien"]
[Black "Knechtel, Thomas"]
[Result "1-0"]
[WhiteElo "1058"]
[BlackElo "1640"]
[PlyCount "83"]
[EventDate "2021.06.12"]
[EventType "swiss (rapid)"]
[EventRounds "7"]
[EventCountry "CAN"]

1. c4 e5 2. Nc3 Nf6 3. g3 Bb4 4. Qb3 Nc6 5. a3 Bxc3 6. Qxc3 d5 7. Bg2 Be6 8. d3
O-O 9. Bg5 dxc4 10. dxc4 h6 11. Bxf6 Qxf6 12. Nf3 a5 13. O-O a4 14. Nd2 Rfd8
15. Ne4 Qe7 16. Rfd1 Nd4 17. Kf1 Bf5 18. Nd2 Nb3 19. Nxb3 axb3 20. Qxb3 Rd7 21.
Qxb7 Rad8 22. Rxd7 Qxd7 23. Qb3 Be6 24. Qc2 Bxc4 25. Bf3 Qh3+ 26. Kg1 Qe6 27.
Rd1 Rxd1+ 28. Qxd1 e4 29. Bg2 Qa6 30. Qd8+ Kh7 31. Bxe4+ g6 32. Bd3 Bxd3 33.
Qxd3 Qc6 34. b4 Qc1+ 35. Kg2 Qc6+ 36. Qf3 Qe6 37. a4 Kg7 38. a5 Qc4 39. Qf4
Qc6+ 40. f3 Qc2 41. Qe4 h5 42. Qxc2 1-0

[Event "Montreal op Rapid"]
[Site "Chess.com"]
[Date "2021.06.12"]
[Round "7"]
[White "Deshpande, Sarthak"]
[Black "Yao, Henry"]
[Result "0-1"]
[WhiteElo "1298"]
[BlackElo "1762"]
[PlyCount "106"]
[EventDate "2021.06.12"]
[EventType "swiss (rapid)"]
[EventRounds "7"]
[EventCountry "CAN"]

1. e4 e6 2. d4 d5 3. Nc3 Nf6 4. Bg5 Be7 5. e5 Nfd7 6. Bxe7 Qxe7 7. f4 a6 8. Nf3
c5 9. Bd3 Nc6 10. dxc5 Nxc5 11. Qd2 b5 12. f5 Bb7 13. fxe6 fxe6 14. O-O O-O 15.
a3 Rad8 16. b4 Nd7 17. Rae1 Nb6 18. Qg5 Rxf3 19. Qxe7 Rxf1+ 20. Rxf1 Nxe7 21.
Ne2 Bc8 22. Nd4 g6 23. Rf6 Rf8 24. Nxe6 Rxf6 25. exf6 Bxe6 26. fxe7 Kf7 27. Kf2
Kxe7 28. Ke3 Kd6 29. Kd4 Nc4 30. Bxc4 dxc4 31. c3 Bd5 32. g3 h5 33. Ke3 g5 34.
Kd4 h4 35. gxh4 gxh4 36. Ke3 Ke5 37. Ke2 Ke4 38. Kf2 Kd3 39. h3 Kxc3 40. Ke3
Kb2 41. Kf4 c3 42. Kg4 c2 43. Kxh4 c1=Q 44. Kg4 Kxa3 45. h4 Qh6 46. Kh3 a5 47.
Kg3 axb4 48. Kg4 b3 49. Kg3 b2 50. Kg4 b1=Q 51. Kg3 Qd3+ 52. Kh2 Qhd2+ 53. Kg1
Qb1# 0-1

[Event "Montreal op Rapid"]
[Site "Chess.com"]
[Date "2021.06.12"]
[Round "7"]
[White "Di Matteo, Alessio"]
[Black "Batorshyn, Ilia"]
[Result "0-1"]
[WhiteElo "1399"]
[BlackElo "1667"]
[PlyCount "106"]
[EventDate "2021.06.12"]
[EventType "swiss (rapid)"]
[EventRounds "7"]
[EventCountry "CAN"]

1. d4 d5 2. c4 c6 3. Nf3 Nf6 4. Nc3 e6 5. cxd5 exd5 6. Bg5 Bd6 7. e3 Bf5 8. Be2
Nbd7 9. O-O h6 10. Bh4 O-O 11. Bg3 Bxg3 12. hxg3 Re8 13. a4 Qb6 14. Qd2 a5 15.
Rfc1 Rad8 16. Nh4 Bh7 17. Bd3 Bxd3 18. Qxd3 Ne4 19. Rab1 Ndf6 20. Nf3 Ng4 21.
Rf1 f5 22. Nh4 Rf8 23. f3 Nxg3 24. fxg4 Nxf1 25. Qxf1 fxg4 26. Qd3 Rf6 27. Ng6
h5 28. Ne2 Rdd6 29. Nef4 Qd8 30. g3 Qe8 31. Ne5 g5 32. Ng2 Rf8 33. Rf1 Rdf6 34.
Rxf6 Rxf6 35. Qc2 Qf8 36. Qe2 Rf3 37. Qc2 Rf1+ 38. Kh2 Qf5 39. Qxf5 Rxf5 40.
Kg1 Kg7 41. Ne1 c5 42. N1d3 cxd4 43. exd4 Rf8 44. Nc5 Rc8 45. Kf2 b6 46. Ncd3
Rc2+ 47. Ke3 Rg2 48. Nd7 Rxg3+ 49. Ke2 h4 50. Nxb6 h3 51. Nxd5 h2 52. Nf2 Rg2
53. Ne3 Rxf2+ 0-1

[Event "Montreal op Rapid"]
[Site "Chess.com"]
[Date "2021.06.12"]
[Round "7"]
[White "Fang, Zhou"]
[Black "Araujo Sanchez, Josue"]
[Result "0-1"]
[WhiteElo "1716"]
[BlackElo "2066"]
[PlyCount "58"]
[EventDate "2021.06.12"]
[EventType "swiss (rapid)"]
[EventRounds "7"]
[EventCountry "CAN"]

1. e4 c5 2. a3 g6 3. h4 h6 4. b4 Bg7 5. c3 d5 6. exd5 Qxd5 7. bxc5 Qxc5 8. d4
Qc7 9. Nf3 Nf6 10. Bd3 O-O 11. Ne5 Nc6 12. Bf4 Nxe5 13. Bxe5 Qb6 14. Bxf6 Bxf6
15. Nd2 Qc7 16. h5 g5 17. Ne4 Bg7 18. Rc1 f5 19. Nc5 e5 20. O-O e4 21. Bc4+ Kh8
22. Be6 b6 23. Bxc8 Qxc8 24. Nb3 f4 25. c4 f3 26. Kh2 Qg4 27. g3 Qxh5+ 28. Kg1
Qh3 29. Qxf3 exf3 0-1